000 00555cam a2200181 4500500
005 20260329001644.0
041 _afre
042 _adc
100 1 0 _aLe Brun, Annie
_eauthor
245 0 0 _aAnnie Le Brun. « La foi est une perversion mortifère »
260 _c2008.
500 _a21
690 _aFoi
690 _aReligion
690 _aSexualité
786 0 _nPhilosophie magazine | 22 | 9 | 2008-09-01 | p. 8-8 | 1951-1787
856 4 1 _uhttps://shs.cairn.info/magazine-philosophie-magazine-2008-9-page-8?lang=fr&redirect-ssocas=7080
999 _c1807380
_d1807380